=LDR 00000nam 2200000 4500 =001 INLIS000000000032170 =005 20130612134205 =008 ***********************************ind** =035 ##$$0010-061300000032170 =041 ##$$a ind =082 ##$$a 503 =090 ##$$a R. 503, Suh k =100 ##$$a SUHERMAN =245 ##$$a Kamus Pintar IPA, Suherman =260 ##$$a Epsilon Group $b Bandung =650 ##$$aaiv, 128 hlm, illus, 30 cm =850 ##$$a Sains - Kamus